书目信息

书名: 装饰装修电工宜与忌 
作者: 李永盛 主编
出版信息: 北京   金盾出版社  2010.3
开本页数: 21cm  222页
丛书名: 建筑装饰装修宜与忌丛书
单 册:
中图分类: TU8
科图分类:
主题词: 工程装修--电工--基本知识 , 工程装修 , 电工
电子资源:
ISBN: 978-7-5082-6115-7
000 01042nam0 2200277 450
001 1122
005 20101113210559.0
010    @a978-7-5082-6115-7@dCNY15.00
100    @a20100618d2010 em y0chiy50 ea
101 @achi
102    @aCN@b110000
105    @aa z 000yy
106    @ar
200 @a装饰装修电工宜与忌@9zhuang shi zhuang xiu dian gong yi yu ji@f李永盛主编
210    @a北京@c金盾出版社@d2010.3
215    @a222页@c图@d21cm
225 @a建筑装饰装修宜与忌丛书
330    @a本书针对装饰装修工程中,电工在材料的选择、工具和仪表的使用、导线连接、布线施工、电气设备安装、照明设计与安装、接地(接零)与防雷措施等一系列工作中容易出现的问题,采用“宜”和“忌”的形式逐一列出,并对照现行国家标准和最新规范、规程进行分析,指出了施工问题产生的原因,提出了避免出现施工问题的措施。
461  0 @12001 @a建筑装饰装修宜与忌丛书
606 @a工程装修@x电工@x基本知识
606 @a工程装修
606 @a电工
690    @aTU8@v4
701  0 @a李永盛@9li yong sheng@4主编
801  0 @aCN@b北京汉珍@c20101013
905    @dTU8@e232
    
    装饰装修电工宜与忌/李永盛主编.-北京:金盾出版社,2010.3
    222页:图;21cm.-(建筑装饰装修宜与忌丛书)
    
    
    ISBN 978-7-5082-6115-7:CNY15.00
    本书针对装饰装修工程中,电工在材料的选择、工具和仪表的使用、导线连接、布线施工、电气设备安装、照明设计与安装、接地(接零)与防雷措施等一系列工作中容易出现的问题,采用“宜”和“忌”的形式逐一列出,并对照现行国家标准和最新规范、规程进行分析,指出了施工问题产生的原因,提出了避免出现施工问题的措施。
相关链接 在五车中查询图书 在当当中查询图书 在豆瓣中查询图书


正题名:装饰装修电工宜与忌     索取号:TU8/232         预约/预借

序号 登录号 条形码 馆藏地/架位号 状态 备注
1 387253   300387253   柳城密-1楼/4架2列2层/ [索取号:TU8/232] 在馆    
2 387254   300387254   柳城-5楼/44架2列2层/ [索取号:TU8/232] 在馆    
3 387255   300387255   柳城-5楼/44架2列2层/ [索取号:TU8/232] 在馆    
4 387256   300387256   柳城密-1楼/4架2列2层/ [索取号:TU8/232] 在馆    
5 387257   300387257   柳城-5楼/44架2列2层/ [索取号:TU8/232] 在馆